Statistics for Martin Scorsese's Top 10 Films by IMDb Ratings

Click here to take the quiz!

General Stats

  • This quiz has been taken 55 times
  • The average score is 7 of 10

Answer Stats

RankYearMovieRating% Correct
11990Goodfellas8.7
96%
22006The Departed8.5
88%
31995Casino8.2
84%
32013The Wolf of Wall Street8.2
82%
31976Taxi Driver8.2
80%
71980Raging Bull8.1
78%
82019The Irishman7.8
76%
32010Shutter Island8.2
57%
81982The King of Comedy7.8
53%
101985After Hours7.6
33%

Score Distribution

Percentile by Number Answered

Percent of People with Each Score

Your Score History

You have not taken this quiz